Právne prostredie a podnikateľská sféra v procese prístupu Slovenskej republiky do EÚ

Aproximácia práva, právne prostredie, právo obchodné. Záväzky pre firmy a občanov vyplývajúce zo vstupu do EÚ. Korupcia a klientelizmus v tranzitívnych krajinách. Corporate governance v slovenských firmách.

Salvato in:
Dettagli Bibliografici
Autore principale: Knapik, Peter
Natura: Capitolo di libro
Lingua:slovacco
Soggetti:
Tags: Aggiungi Tag
Nessun Tag, puoi essere il primo ad aggiungerne!!

MARC

LEADER 00000naa a2200000 4500
001 r049671
005 20230825103236.6
041 0 |a slo 
044 |a SK 
245 1 0 |a Právne prostredie a podnikateľská sféra v procese prístupu Slovenskej republiky do EÚ  |c Peter Knapik 
520 |a Aproximácia práva, právne prostredie, právo obchodné. Záväzky pre firmy a občanov vyplývajúce zo vstupu do EÚ. Korupcia a klientelizmus v tranzitívnych krajinách. Corporate governance v slovenských firmách. 
610 2 0 |a podnikatelia 
610 2 0 |a firmy 
610 2 0 |a aproximácia práva 
610 2 0 |a Slovensko 
610 2 0 |a Európska únia 
100 1 |a Knapik, Peter